Filosofía de la historia /
Saved in:
| Format: | Book |
|---|---|
| Published: |
México DF :
Fondo de Cultura Económica,
1997.
|
| Edition: | 2a ed. 6a reimpr. |
| LEADER | 00373nam a22001217a 4500 | ||
|---|---|---|---|
| 003 | AR-BeUNQ | ||
| 005 | 20190912170153.0 | ||
| 999 | |c 32036 |d 115836 | ||
| 245 | |a Filosofía de la historia / |c Emmanuel Kant. | ||
| 250 | |a 2a ed. 6a reimpr. | ||
| 260 | |a México DF : |b Fondo de Cultura Económica, |c 1997. | ||
| 929 | |a DONACION |b Myriam Andrada |d 100,00 |e 20180809 |f PAT0073769 |g 3449 |h 1 |o PR | ||
| 942 | |c LIB |n 1 | ||